00801nam a2200205 a 450000100100000000500170001000800410002704000250006808200200009310000340011324500450014725000120019226000360020430000200024050000630026065000280032365000310035195201960038299900170057800004621120240412074305.0091008s1977 dr 000 0 spa d aDO-SdBNPbspacBNPHU aRD861.44bM878a1 aMorrison, Mateo,d1947-9146910aAniversario del dolor /cMateo Morrison. a2a. ed. aSanto Domingo :b[s.n.],c1977. a62 p. ;c21 cm. aIncluye datos biográficos del autor en la contracubierta 0aPoesía dominicana966 0aLiteratura dominicana.967 0010718PDaPDbPDcHDd2015-07-06iLF1l0oRD861.44 M878ap46211-10r2020-06-25w2020-06-25yLFPDzPerteneció a la biblioteca personal de Chiqui Vicioso / Fidelio Despradel.ZNo se presta c45700d45700